000 00864cam a2200277 a 4500
999 _c129289
_d129289
001 4500258
003 ARRUPE
005 20190328120014.0
008 970916s1983 enka b 000 0 eng
010 _a 97196183
020 _a0853155844
035 _a(OCoLC)10453346
040 _aDLC
_cDLC
_dDLC
050 0 0 _aHQ32
_b.L415 1983
082 0 0 _a176
_221
245 0 4 _aThe Left and the erotic /
_cedited by Eileen Phillips.
260 _aLondon :
_bLawrence and Wishart,
_c1983.
300 _a184 p. :
_bill. ;
_c23 cm.
504 _aIncludes bibliographical references.
650 0 _aSexual ethics.
_9821
650 0 _aNew Left.
_945488
700 1 _aPhillips, Eileen.
_945489
906 _a7
_bcbc
_corignew
_d2
_encip
_f19
_gy-gencatlg
942 _2lcc
_cMONOGRAPH